Polvos en minería (Registro nro. 21061)

Detalles MARC
000 -ENCABEZADO
Número de control [NR] 00948nam a2200241Ia 4500
008 - DE LONGITUD FIJA DE DATOS DE ELEMENTOS - INFORMACIÓN GENERAL
Elementos de longitud fija [NR] 130821s1994 ck gs spa
040 ## - FUENTE DE CATALOGACION [NR]
Agencia de catalogación original [NR] Co-BoUCM
Idioma de catalogación [NR] spa
041 00 - CODIGO DE IDIOMA [R]
Código de idioma para texto/pista de sonido o título separado [R] Español
092 ## - SIGNATURA TOPOGRAFICA LOCAL
Número de clasificación local CV 0304
092 ## - SIGNATURA TOPOGRAFICA LOCAL
Número de clasificación local DVD 1034
110 2# - ASIENTO PRINCIPAL--NOMBRE CORPORATIVO [NR]
Nombre corporativo o de jurisdicción como elemento de entrada [NR] Universidad Pedagógica y Tecnológica de Colombia
245 10 - MENCION DE TITULO [NR]
Título [NR] Polvos en minería
Mención de responsabilidad, etc. [NR] [videograbación]
-- Universidad Pedagógica y Tecnológica de Colombia
260 ## - PUBLICACION, DISTRIBUCION, ETC. (PIE DE IMPRENTA) [R]
Lugar de publicación, distribución, etc. [R] Tunja (Boyacá, Colombia)
Nombre del editor, distribuidor, etc. [R] UPTC
Fecha de publicación, distribución, etc. [R] 1994
300 ## - DESCRIPCION FISICA [R]
Extensión [R] 1 videocasete vhs 18 min. 38 seg.
Material acompañante [NR] 1 DVD
500 ## - NOTA GENERAL [R]
Nota general [NR] Trata de cómo el polvo ambiental es testigo mudo, los daños que causan a las personas, clases de polvos. Medidas de prevención y de protección
650 04 - ASIENTO SECUNDARIO DE MATERIA - TERMINO TEMATICO [R]
Término temático o nombre geográfico como elemento de entrada [NR] Contaminación ambiental
9 (RLIN) 11758
650 04 - ASIENTO SECUNDARIO DE MATERIA - TERMINO TEMATICO [R]
Término temático o nombre geográfico como elemento de entrada [NR] Contaminación del aire
9 (RLIN) 11769
650 04 - ASIENTO SECUNDARIO DE MATERIA - TERMINO TEMATICO [R]
Término temático o nombre geográfico como elemento de entrada [NR] Impacto ambiental
9 (RLIN) 17192
650 04 - ASIENTO SECUNDARIO DE MATERIA - TERMINO TEMATICO [R]
Término temático o nombre geográfico como elemento de entrada [NR] Minería
9 (RLIN) 19569
650 04 - ASIENTO SECUNDARIO DE MATERIA - TERMINO TEMATICO [R]
Término temático o nombre geográfico como elemento de entrada [NR] Salud ocupacional
9 (RLIN) 23954
650 04 - ASIENTO SECUNDARIO DE MATERIA - TERMINO TEMATICO [R]
Término temático o nombre geográfico como elemento de entrada [NR] Seguridad industrial
9 (RLIN) 24101
942 ## - ELEMENTOS DE ENTRADA AGREGADOS (KOHA)
Tipo de ítem principal el descrito en 300a Multimedia
Sistema de clasificación LOCAL
Tema principal Ciencias de la salud
Edición 1
Existencias
Fecha de último préstamo Total préstamos Código de barras Última vez visto Volúmen / Fascículo Ejemplar Price effective from Tipo de ítem Perdido Sistema de clasificación Dañado No prestable Tipo de ítem específico Suprimido Ubicación habitual Ubicación actual Localización Fecha de creación Forma de adquisición Costo Total Renewals
22/03/2013 1 100124926 10/12/2024 DVD 1034 Ej.2 03/02/2013 Multimedia   DEWEY     DVD   Claustro Claustro Colección digital 28/02/2012 Donación 0.00 1
06/06/2012   100124925 09/12/2025 DVD 1034 Ej.1 03/02/2013 Multimedia   LOCAL   Préstamo restringido DVD   Procesos Técnicos Procesos Técnicos (no para préstamo) Procesos Técnicos 28/02/2012 Donación 0.00